[Event "FRA-chT U20 0405"]
[Site "Lyon"]
[Date "2004.12.20"]
[Round "7.1"]
[White "Dourerassou, Jonathan"]
[Black "Hennemann, Xavier"]
[Result "1-0"]
[WhiteElo "2345"]
[BlackElo "2140"]
[PlyCount "133"]
[EventDate "2004.11.??"]
[EventType "team"]
[EventRounds "7"]
[EventCountry "FRA"]
[SourceTitle "EXT 2006"]
[Source "ChessBase"]
[SourceDate "2005.11.24"]
[SourceVersion "1"]
[SourceVersionDate "2005.11.24"]
[SourceQuality "1"]
[WhiteTeam "Creteil"]
[BlackTeam "Mulhouse"]
[WhiteTeamCountry "FRA"]
[BlackTeamCountry "FRA"]

1. e4 e6 2. d4 d5 3. Nc3 Nf6 4. e5 Nfd7 5. f4 c5 6. Nf3 Nc6 7. Be3 a6 8. Qd2 cxd4 9. Nxd4 Bc5 10. 0-0-0 Bxd4 11. Bxd4 b5 12. h4 b4 13. Na4 a5 14. Bb5 Qc7 15. f5 Ba6 16. Bxa6 Rxa6 17. Rhe1 Nxd4 18. Qxd4 Kd8 19. Qg4 g6 20. Qg5+ Kc8 21. h5 h6 22. Qe7 gxf5 23. Kb1 Nb6 24. Nxb6+ Rxb6 25. Qf6 Rh7 26. Rxd5 exd5 27. Qxf5+ Re6 28. Qxh7 Kb7 29. Qf5 Qe7 30. Qf3 Qd7 31. c4 bxc3 32. Qxc3 f6 33. exf6 Rxe1+ 34. Qxe1 Qf5+ 35. Kc1 Qxf6 36. Qe2 Kb6 37. g4 Qf4+ 38. Qd2 Qf1+ 39. Kc2 Qc4+ 40. Kb1 Qe4+ 41. Qc2 Qe1+ 42. Qc1 Qe4+ 43. Ka1 Kb5 44. Qf1+ Kc5 45. Qf8+ Kb5 46. Qb8+ Kc5 47. Qc7+ Kb5 48. Qd7+ Kc5 49. a3 Qe1+ 50. Ka2 Qe2 51. Qc7+ Kb5 52. Qb8+ Kc6 53. Qa8+ Kd6 54. Qf8+ Kd7 55. Qg7+ Kd8 56. Qg8+ Ke7 57. Qxd5 Qxg4 58. Qe5+ Kd7 59. Qxa5 Qc4+ 60. Kb1 Qd3+ 61. Kc1 Qc4+ 62. Qc3 Qg4 63. Qd2+ Ke7 64. Qxh6 Qg1+ 65. Kc2 Qf2+ 66. Qd2 Qc5+ 67. Kd1 1-0

[Event "St Chely d'Aubrac op 4th"]
[Site "St Chely d'Aubrac"]
[Date "2004.07.20"]
[Round "5"]
[White "Lombart, Philippe"]
[Black "Hennemann, Xavier"]
[Result "0-1"]
[WhiteElo "2043"]
[BlackElo "2104"]
[PlyCount "86"]
[EventDate "2004.07.17"]
[EventType "swiss"]
[EventRounds "9"]
[EventCountry "FRA"]
[SourceTitle "CBM 101 Extra"]
[Source "ChessBase"]
[SourceDate "2004.09.01"]
[SourceVersion "2"]
[SourceVersionDate "2004.09.01"]
[SourceQuality "1"]

1. d4 Nf6 2. c4 c5 3. d5 b5 4. cxb5 a6 5. e3 axb5 6. Bxb5 Qa5+ 7. Nc3 Bb7 8. Nge2 Nxd5 9. 0-0 Nxc3 10. Nxc3 g6 11. a4 Bg7 12. Ra3 0-0 13. e4 Qd8 14. Re1 Nc6 15. Nd5 e6 16. Nf4 Nd4 17. Rh3 Nxb5 18. axb5 Ra1 19. e5 Qa5 20. Qe2 Qb4 21. Nd3 Qxb5 22. Qg4 c4 23. Qh4 h5 24. Nf4 Qxe5 25. Kf1 Qf6 26. Qg3 e5 27. Ne2 d5 28. Qc3 d4 29. Qxc4 Ba6 30. Qc2 d3 31. Rxd3 Bxd3 32. Qxd3 Qh4 33. Kg1 Rd8 34. Qc2 Bh6 35. g3 Qb4 36. Nc3 Rb8 37. Kg2 Rxc1 38. Rxc1 Bxc1 39. Qxc1 Qxb2 40. Qe1 Rc8 41. Ne4 Qd4 42. h4 Rc2 43. Ng5 Qd2 0-1

[Event "Mulhouse"]
[Site "Mulhouse"]
[Date "2004.07.05"]
[Round "7"]
[White "Nass, Emile"]
[Black "Hennemann, Xavier"]
[Result "0-1"]
[WhiteElo "2010"]
[BlackElo "2054"]
[PlyCount "72"]
[EventDate "2004.06.29"]
[EventType "tourn"]
[EventRounds "11"]
[EventCountry "FRA"]
[SourceTitle "CBM 101 Extra"]
[Source "ChessBase"]
[SourceDate "2004.09.01"]
[SourceVersion "2"]
[SourceVersionDate "2004.09.01"]
[SourceQuality "1"]

1. d4 Nf6 2. Nf3 c5 3. c3 e6 4. Bf4 d5 5. e3 Nc6 6. h3 Bd6 7. Bxd6 Qxd6 8. Nbd2 0-0 9. Be2 b6 10. 0-0 Bb7 11. Re1 e5 12. dxe5 Nxe5 13. Nxe5 Qxe5 14. Nf3 Qc7 15. Qc2 Rfe8 16. Rad1 Rad8 17. Rc1 h6 18. Red1 Bc6 19. Rb1 Qd7 20. Rdc1 d4 21. cxd4 Be4 22. Qb3 Bxb1 23. Rxb1 cxd4 24. Nxd4 Qd5 25. Bc4 Qb7 26. Rc1 a6 27. a4 Ne4 28. Nc6 Rd6 29. Bd5 Qd7 30. Bxe4 Rxe4 31. Nd4 Re5 32. Qa3 Rg6 33. Kh1 Reg5 34. g3 Rh5 35. Kg2 Qxh3+ 36. Kf3 Rf6+ 0-1

[Event "Mulhouse"]
[Site "Mulhouse"]
[Date "2004.07.02"]
[Round "4"]
[White "Hennemann, Xavier"]
[Black "Blum, Nicolas"]
[Result "1/2-1/2"]
[WhiteElo "2054"]
[BlackElo "1920"]
[PlyCount "40"]
[EventDate "2004.06.29"]
[EventType "tourn"]
[EventRounds "11"]
[EventCountry "FRA"]
[SourceTitle "CBM 101 Extra"]
[Source "ChessBase"]
[SourceDate "2004.09.01"]
[SourceVersion "2"]
[SourceVersionDate "2004.09.01"]
[SourceQuality "1"]

1. e4 c6 2. d4 d5 3. Nc3 dxe4 4. Nxe4 Bf5 5. Ng3 Bg6 6. Nf3 Nd7 7. h4 h6 8. h5 Bh7 9. Bd3 Bxd3 10. Qxd3 Qc7 11. Bd2 Ngf6 12. 0-0-0 e6 13. Ne4 0-0-0 14. g3 Nxe4 15. Qxe4 Bd6 16. Kb1 c5 17. c4 Nf6 18. Qe2 cxd4 19. Nxd4 Bxg3 20. Nxe6 Rhe8 1/2-1/2

[Event "Mulhouse"]
[Site "Mulhouse"]
[Date "2004.07.01"]
[Round "3"]
[White "Tassetti, Matthieu"]
[Black "Hennemann, Xavier"]
[Result "0-1"]
[WhiteElo "2052"]
[BlackElo "2054"]
[PlyCount "86"]
[EventDate "2004.06.29"]
[EventType "tourn"]
[EventRounds "11"]
[EventCountry "FRA"]
[SourceTitle "CBM 101 Extra"]
[Source "ChessBase"]
[SourceDate "2004.09.01"]
[SourceVersion "2"]
[SourceVersionDate "2004.09.01"]
[SourceQuality "1"]

1. Nf3 Nf6 2. c4 g6 3. Nc3 Bg7 4. d4 0-0 5. e4 d6 6. Be2 e5 7. 0-0 Nc6 8. d5 Ne7 9. Ne1 Ne8 10. Be3 f5 11. f3 f4 12. Bf2 g5 13. c5 Rf6 14. Rc1 Rh6 15. cxd6 cxd6 16. Qc2 Nf6 17. Bb5 a6 18. Qa4 Rb8 19. Bd3 Bd7 20. Qc2 Qe8 21. g4 fxg3 22. Bxg3 Nh5 23. Rf2 Nf4 24. Bxf4 exf4 25. Ne2 Ng6 26. Qd2 Ne5 27. Rc7 Qd8 28. Qc2 Rc8 29. Rxc8 Bxc8 30. Qa4 Bd7 31. Qb4 b5 32. Nd4 Qb6 33. Rd2 a5 34. Qc3 b4 35. Qc2 Qxd4+ 36. Kh1 Qc5 37. Qxc5 dxc5 38. b3 g4 39. fxg4 Nxg4 40. Bc4 Bc3 41. Re2 Bxe1 42. Rxe1 Rxh2+ 43. Kg1 f3 0-1

[Event "FRA-chT2 0304"]
[Site "France"]
[Date "2004.04.03"]
[Round "10"]
[White "Hennemann, Xavier"]
[Black "Congiu, Mathilde"]
[Result "1-0"]
[WhiteElo "2054"]
[BlackElo "2084"]
[PlyCount "45"]
[EventDate "2003.10.??"]
[EventType "team"]
[EventRounds "11"]
[EventCountry "FRA"]
[SourceTitle "EXT 2005"]
[Source "ChessBase"]
[SourceDate "2004.11.15"]
[SourceVersion "1"]
[SourceVersionDate "2004.11.15"]
[SourceQuality "1"]

1. e4 e6 2. d3 d5 3. Qe2 Ne7 4. Nf3 g6 5. g3 Bg7 6. Bg2 c5 7. 0-0 0-0 8. e5 b6 9. Bf4 Nbc6 10. h4 Ba6 11. c3 Nf5 12. Nbd2 b5 13. Nb3 c4 14. Nc5 Bc8 15. d4 a5 16. Bg5 Qb6 17. g4 Nh6 18. Bh3 Kh8 19. Bf6 Bxf6 20. exf6 e5 21. Qe3 Nxg4 22. Bxg4 Bxg4 23. Qh6 1-0

[Event "FRA-chT U20 0304"]
[Site "France"]
[Date "2004.01.02"]
[Round "4"]
[White "Brethes, Francois"]
[Black "Hennemann, Xavier"]
[Result "1-0"]
[WhiteElo "2101"]
[BlackElo "2054"]
[PlyCount "71"]
[EventDate "2003.11.??"]
[EventType "team"]
[EventRounds "11"]
[EventCountry "FRA"]
[SourceTitle "EXT 2005"]
[Source "ChessBase"]
[SourceDate "2004.11.15"]
[SourceVersion "1"]
[SourceVersionDate "2004.11.15"]
[SourceQuality "1"]
[WhiteTeam "Toulouse"]
[BlackTeam "Mulhouse"]
[WhiteTeamCountry "FRA"]
[BlackTeamCountry "FRA"]

1. d4 Nf6 2. Nf3 c5 3. e3 g6 4. dxc5 Bg7 5. c3 0-0 6. Bd3 a5 7. 0-0 Na6 8. Bxa6 Rxa6 9. Qc2 Qc7 10. e4 Qxc5 11. Bf4 d6 12. Nbd2 Bg4 13. h3 Bxf3 14. Nxf3 Rc8 15. Rfe1 b5 16. Qe2 Raa8 17. e5 Nd5 18. Bg3 dxe5 19. Bxe5 f6 20. Bd4 Qc6 21. Be3 e5 22. Rac1 f5 23. Bd2 e4 24. Nd4 Bxd4 25. cxd4 Qb6 26. g4 Qxd4 27. gxf5 gxf5 28. Qxb5 Qxd2 29. Rcd1 Qg5+ 30. Kh1 Nc7 31. Qc4+ Kh8 32. Rg1 Qf6 33. Rd6 Qxb2 34. Rd7 Qf6 35. Rf7 Qe5 36. Rxh7+ 1-0

[Event "FRA-chT U20 0304"]
[Site "France"]
[Date "2003.11.23"]
[Round "3"]
[White "Hennemann, Xavier"]
[Black "Soyez, Cyril"]
[Result "1-0"]
[WhiteElo "2054"]
[BlackElo "2116"]
[PlyCount "93"]
[EventDate "2003.11.??"]
[EventType "team"]
[EventRounds "11"]
[EventCountry "FRA"]
[SourceTitle "EXT 2005"]
[Source "ChessBase"]
[SourceDate "2004.11.15"]
[SourceVersion "1"]
[SourceVersionDate "2004.11.15"]
[SourceQuality "1"]
[WhiteTeam "Mulhouse"]
[BlackTeam "Vandoeuvre"]
[WhiteTeamCountry "FRA"]
[BlackTeamCountry "FRA"]

1. e4 c5 2. Nf3 d6 3. d4 cxd4 4. Qxd4 Bd7 5. c4 Nc6 6. Qd2 Nf6 7. Nc3 g6 8. b3 Bg7 9. Bb2 0-0 10. Be2 Qa5 11. Rb1 Ng4 12. 0-0 f5 13. Qd5+ Kh8 14. Qxa5 Nxa5 15. h3 fxe4 16. Nxe4 Bxb2 17. Rxb2 Nf6 18. Nxf6 Rxf6 19. Rd2 b6 20. Ng5 h6 21. Ne4 Re6 22. Nc3 Rd8 23. Nd5 Bc6 24. Bg4 Re4 25. f3 Re5 26. f4 Re4 27. Bf3 Bxd5 28. Bxe4 Bxe4 29. Re1 Bf5 30. Rxe7 a6 31. Rc7 Be4 32. b4 Nc6 33. c5 Nxb4 34. Rxd6 Rxd6 35. cxd6 Bf5 36. g4 Be6 37. d7 Bxd7 38. Rxd7 Nxa2 39. Rd6 b5 40. Rxa6 Nc3 41. Rxg6 Ne2+ 42. Kh2 Kh7 43. f5 h5 44. Rb6 Nd4 45. Kg3 hxg4 46. hxg4 Kg7 47. Kf4 1-0

[Event "Chambery op 9th"]
[Site "Chambery"]
[Date "2003.08.04"]
[Round "3"]
[White "Renard, Stephane"]
[Black "Hennemann, Xavier"]
[Result "1/2-1/2"]
[WhiteElo "2024"]
[BlackElo "2127"]
[PlyCount "61"]
[EventDate "2003.08.02"]
[EventType "swiss"]
[EventRounds "9"]
[EventCountry "FRA"]
[SourceTitle "EXT 2020"]
[Source "ChessBase"]
[SourceDate "2019.10.17"]
[SourceVersion "1"]
[SourceVersionDate "2019.10.17"]
[SourceQuality "1"]

1. f4 d5 2. Nf3 c5 3. e3 Nf6 4. b3 Bf5 5. Bb2 e6 6. Be2 h6 7. 0-0 Be7 8. Ne5 Nbd7 9. d3 Nxe5 10. fxe5 Nd7 11. Nd2 Bg5 12. Rf3 Qc7 13. d4 cxd4 14. exd4 Qxc2 15. Qxc2 Bxc2 16. Rc3 Bg6 17. Nf3 Bd8 18. Ba3 Ba5 19. Rcc1 a6 20. Bd6 Be4 21. Kf2 Bxf3 22. gxf3 Kd8 23. Ke3 Nb8 24. b4 Bb6 25. b5 a5 26. Rc2 Nd7 27. Rac1 g6 28. h4 h5 29. f4 Rh7 30. Bf1 Rh8 31. Be2 1/2-1/2

[Event "FRA-chT U20 0203"]
[Site "Clichy"]
[Date "2003.01.03"]
[Round "4.3"]
[White "Hennemann, Xavier"]
[Black "Dourerassou, Jonathan"]
[Result "1-0"]
[WhiteElo "2115"]
[BlackElo "2115"]
[PlyCount "56"]
[EventDate "2002.12.??"]
[EventType "team"]
[EventRounds "11"]
[EventCountry "FRA"]
[SourceTitle "EXT 2004"]
[Source "ChessBase"]
[SourceDate "2003.11.25"]
[SourceVersion "1"]
[SourceVersionDate "2003.11.25"]
[SourceQuality "1"]
[WhiteTeam "Mulhouse"]
[BlackTeam "Creteil"]
[WhiteTeamCountry "FRA"]
[BlackTeamCountry "FRA"]

1. e4 c5 2. Nf3 d6 3. d3 Nc6 4. g3 g6 5. Bg2 Bg7 6. 0-0 Nf6 7. c3 0-0 8. Re1 Bg4 9. h3 Bxf3 10. Bxf3 e5 11. Bg5 b5 12. Na3 Rb8 13. Qd2 Qc8 14. Bg2 Nd7 15. Nc2 Re8 16. Bh6 b4 17. Bxg7 Kxg7 18. Ne3 Qa6 19. Nd5 Rb7 20. h4 Ne7 21. Ne3 Reb8 22. c4 Nf6 23. Nf1 Nc6 24. Nh2 Nd4 25. Nf3 Nxf3+ 26. Bxf3 Re8 27. Bg2 Nd7 28. h5 f6 1-0

[Event "FRA-ch U14"]
[Site "Le Grand Bornand"]
[Date "2003.??.??"]
[Round "5.4"]
[White "Candy, Romain"]
[Black "Hennemann, Xavier"]
[Result "0-1"]
[WhiteElo "1983"]
[BlackElo "2115"]
[PlyCount "46"]
[EventDate "2003.??.??"]
[EventType "swiss"]
[EventRounds "9"]
[EventCountry "FRA"]
[SourceTitle "EXT 2004"]
[Source "ChessBase"]
[SourceDate "2003.11.25"]
[SourceVersion "1"]
[SourceVersionDate "2003.11.25"]
[SourceQuality "1"]

1. e4 e6 2. d4 d5 3. e5 c5 4. Qg4 Nc6 5. Nf3 cxd4 6. Bd3 Bd7 7. 0-0 Nb4 8. Nxd4 Nxd3 9. cxd3 Ne7 10. Nd2 Ng6 11. N2f3 Be7 12. Re1 0-0 13. Qh5 Rc8 14. Ng5 Bxg5 15. Bxg5 Qb6 16. Nb3 Ba4 17. Re3 Rc2 18. d4 Rfc8 19. Rh3 h6 20. Nc5 hxg5 21. Qh7+ Kf8 22. Rf3 g4 23. Rb3 Bxb3 0-1

[Event "FRA-ch U14"]
[Site "Le Grand Bornand"]
[Date "2003.??.??"]
[Round "1.3"]
[White "Hennemann, Xavier"]
[Black "Madranges, Julien"]
[Result "1/2-1/2"]
[WhiteElo "2115"]
[BlackElo "1790"]
[PlyCount "70"]
[EventDate "2003.??.??"]
[EventType "swiss"]
[EventRounds "9"]
[EventCountry "FRA"]
[SourceTitle "EXT 2004"]
[Source "ChessBase"]
[SourceDate "2003.11.25"]
[SourceVersion "1"]
[SourceVersionDate "2003.11.25"]
[SourceQuality "1"]

1. e4 d5 2. exd5 Qxd5 3. Nc3 Qa5 4. d4 c6 5. Nf3 Nf6 6. Bc4 Bf5 7. Bd2 e6 8. Ne4 Qd8 9. Ng3 Bg4 10. c3 Bd6 11. h3 Bxg3 12. hxg4 Bd6 13. g5 Ne4 14. Bd3 Nxd2 15. Qxd2 g6 16. 0-0-0 Nd7 17. Rh4 Qc7 18. Rdh1 0-0-0 19. g3 Nf8 20. Qe2 Be7 21. R4h3 c5 22. Kb1 Kb8 23. dxc5 Bxc5 24. Bc2 Bd6 25. Rh4 a6 26. Nd2 Be7 27. f4 h5 28. Nf3 Bd6 29. Rd1 Nd7 30. Rhh1 Rhe8 31. Qd2 Nb6 32. Qf2 Bc5 33. Qe2 Nd5 34. Bb3 Ne3 35. Rxd8+ Rxd8 1/2-1/2

[Event "FRA-ch U14"]
[Site "Le Grand Bornand"]
[Date "2003.??.??"]
[Round "7.3"]
[White "Vernay, Clovis"]
[Black "Hennemann, Xavier"]
[Result "1-0"]
[WhiteElo "2067"]
[BlackElo "2115"]
[PlyCount "143"]
[EventDate "2003.??.??"]
[EventType "swiss"]
[EventRounds "9"]
[EventCountry "FRA"]
[SourceTitle "EXT 2004"]
[Source "ChessBase"]
[SourceDate "2003.11.25"]
[SourceVersion "1"]
[SourceVersionDate "2003.11.25"]
[SourceQuality "1"]

1. d4 Nf6 2. Nf3 g6 3. c4 Bg7 4. Nc3 0-0 5. e4 d6 6. Be2 c5 7. d5 e5 8. h3 Ne8 9. Qc2 Na6 10. a3 Bd7 11. Be3 Rb8 12. Nb5 Ra8 13. Nd2 f5 14. exf5 gxf5 15. f3 Nac7 16. Nc3 a6 17. b4 b6 18. Rb1 Qh4+ 19. Bf2 Qg5 20. g4 Qh6 21. bxc5 bxc5 22. Nf1 e4 23. gxf5 exf3 24. Bd3 Nf6 25. Nd2 Rae8+ 26. Kd1 Ng4 27. Nce4 Bxf5 28. Rb6 Nxf2+ 29. Nxf2 Bxd3 30. Nxd3 f2 31. Rc6 Rf7 32. Rf1 Qh5+ 33. Kc1 Qe2 34. Rxd6 Bd4 35. Rd1 Re3 36. Nf1 Qxc2+ 37. Kxc2 Rxh3 38. Rc6 Ne8 39. Rxa6 Rh1 40. a4 Rg7 41. Kd2 Nf6 42. Nxc5 Bxc5 43. Rxf6 Rg4 44. Rf3 Rxc4 45. Rd3 Rxa4 46. d6 Ra2+ 47. Kc3 Ra3+ 48. Kc4 Rxd3 49. Kxd3 Bxd6 50. Ke2 Bc5 51. Rd5 Ba7 52. Rd8+ Kg7 53. Rd7+ Kg6 54. Rxa7 Rh4 55. Kxf2 Rb4 56. Ne3 h6 57. Kf3 Kg5 58. Ra5+ Kg6 59. Ng2 Rb1 60. Nf4+ Kg7 61. Ra6 Rf1+ 62. Ke4 Rb1 63. Rd6 Rb5 64. Nd5 Rb8 65. Nf4 Re8+ 66. Kf5 Rf8+ 67. Kg4 Ra8 68. Nh5+ Kh7 69. Rd7+ Kg8 70. Kf5 Ra6 71. Nf6+ Kf8 72. Kg6 1-0

[Event "Mulhouse FIDE"]
[Site "Mulhouse"]
[Date "2002.07.13"]
[Round "6"]
[White "Fischer, Marc"]
[Black "Hennemann, Xavier"]
[Result "1/2-1/2"]
[WhiteElo "2071"]
[BlackElo "2070"]
[PlyCount "150"]
[EventDate "2002.??.??"]
[EventType "tourn"]
[EventRounds "11"]
[EventCountry "FRA"]
[SourceTitle "EXT 2003"]
[Source "ChessBase"]
[SourceDate "2002.11.25"]
[SourceVersion "1"]
[SourceVersionDate "2002.11.25"]
[SourceQuality "1"]

1. d4 c5 2. c3 d5 3. Nf3 Nc6 4. g3 Nf6 5. Bg2 Bf5 6. 0-0 e6 7. Be3 Ng4 8. Bf4 Bd6 9. Bxd6 Qxd6 10. Nbd2 0-0 11. dxc5 Qxc5 12. Nh4 Bg6 13. Nxg6 hxg6 14. e4 Nf6 15. exd5 exd5 16. Nb3 Qb6 17. Qc2 Rac8 18. Rac1 Rfe8 19. Qd2 Qa6 20. Bxd5 Re2 21. Qd1 Nxd5 22. Qxd5 Rd8 23. Qg5 Qxa2 24. Nd4 Re5 25. Qf4 g5 26. Qf3 Nxd4 27. cxd4 Qd5 28. Qxd5 Rexd5 29. Rc5 Rxd4 30. Rxg5 Rb4 31. Ra5 a6 32. Ra2 Rd2 33. Rb1 Kf8 34. Kf1 Ke7 35. Re1+ Kd6 36. Re2 Rd1+ 37. Kg2 Rb3 38. Ra4 Rb1 39. Rd4+ Kc6 40. Rc4+ Kd5 41. Rcc2 Kd4 42. h4 b5 43. h5 b4 44. g4 Ra1 45. Rc7 Ra5 46. Rxf7 Rg5 47. Rd7+ Kc5 48. Rc2+ Kb6 49. f3 a5 50. Kg3 a4 51. Rd6+ Kb5 52. Rd8 Re5 53. Rb8+ Ka6 54. Rc6+ Ka7 55. Rcb6 Rxb2 56. R8b7+ Ka8 57. Rxb4 Rxb4 58. Rxb4 Ra5 59. Rb2 a3 60. Ra2 Kb7 61. f4 Kc7 62. g5 Kd6 63. Kg4 Ke6 64. f5+ Ke5 65. Re2+ Kd6 66. Ra2 Ke5 67. h6 Ra4+ 68. Kh5 gxh6 69. gxh6 Kxf5 70. h7 Ra8 71. Rf2+ Ke6 72. Kg6 Kd5 73. Kg7 Kc4 74. Rf8 Ra7+ 75. Kg6 Rxh7 1/2-1/2

[Event "Mulhouse FIDE"]
[Site "Mulhouse"]
[Date "2002.07.11"]
[Round "4"]
[White "Schaub, Marc"]
[Black "Hennemann, Xavier"]
[Result "1/2-1/2"]
[WhiteElo "2019"]
[BlackElo "2070"]
[PlyCount "133"]
[EventDate "2002.??.??"]
[EventType "tourn"]
[EventRounds "11"]
[EventCountry "FRA"]
[SourceTitle "EXT 2003"]
[Source "ChessBase"]
[SourceDate "2002.11.25"]
[SourceVersion "1"]
[SourceVersionDate "2002.11.25"]
[SourceQuality "1"]

1. e4 e6 2. d4 d5 3. Nd2 Nf6 4. e5 Nfd7 5. Bd3 c5 6. c3 Nc6 7. Ne2 cxd4 8. cxd4 f6 9. Nf4 Nxd4 10. Qh5+ Ke7 11. exf6+ Nxf6 12. Ng6+ hxg6 13. Qxh8 Kf7 14. f4 Qb6 15. 0-0 Bd7 16. Kh1 Bb5 17. Qh3 Bb4 18. a3 Bxd2 19. Bxd2 Ne4 20. Bxe4 Bxf1 21. Bxg6+ Kxg6 22. Rxf1 Rf8 23. Bc3 Kf7 24. Qd3 Qb5 25. Qd1 Nf5 26. Qh5+ Kg8 27. Re1 d4 28. Qg6 dxc3 29. Qxe6+ Kh8 30. bxc3 Qb2 31. g4 Nh4 32. Qd5 Qb6 33. Qh5+ Qh6 34. Qxh6+ gxh6 35. Re6 Kg7 36. f5 h5 37. h3 hxg4 38. hxg4 Nxf5 39. gxf5 Rxf5 40. Kg2 Rf6 41. Re7+ Rf7 42. Re3 Rc7 43. Kf2 Kf6 44. Rf3+ Ke5 45. Ke2 Rc4 46. Kd2 Ra4 47. Kc2 Rxa3 48. Kb2 Ra6 49. Rd3 Rd6 50. Rh3 Kd5 51. Rh4 Kc5 52. Kb3 b5 53. Rh5+ Kb6 54. Rh8 a5 55. Rb8+ Kc5 56. Rc8+ Rc6 57. Rh8 a4+ 58. Kb2 Re6 59. Rh4 Re2+ 60. Kb1 a3 61. Rg4 a2+ 62. Ka1 Rc2 63. Rh4 Rxc3 64. Kxa2 Rc4 65. Rh5+ Kb4 66. Kb2 Rg4 67. Rh2 1/2-1/2

[Event "FRA-chT 0102 U18"]
[Site "France"]
[Date "2002.05.09"]
[Round "9.4"]
[White "Trolliet, Caroline"]
[Black "Hennemann, Xavier"]
[Result "1/2-1/2"]
[WhiteElo "1710"]
[BlackElo "2000"]
[PlyCount "107"]
[EventDate "2001.10.??"]
[EventType "team"]
[EventRounds "11"]
[EventCountry "FRA"]
[SourceTitle "EXT 2003"]
[Source "ChessBase"]
[SourceDate "2002.11.25"]
[SourceVersion "1"]
[SourceVersionDate "2002.11.25"]
[SourceQuality "1"]
[WhiteTeam "Cannes"]
[BlackTeam "Mulhouse"]
[WhiteTeamCountry "FRA"]
[BlackTeamCountry "FRA"]

1. e4 e6 2. d4 d5 3. Nc3 Nf6 4. e5 Nfd7 5. f4 c5 6. Nf3 Nc6 7. Be3 Qb6 8. a3 cxd4 9. Nxd4 Bc5 10. Na4 Qa5+ 11. c3 Bxd4 12. Bxd4 Nxd4 13. Qxd4 b6 14. Qb4 Qxb4 15. axb4 Ke7 16. b3 Bb7 17. Kf2 Rhc8 18. Be2 a6 19. Rac1 Rc7 20. b5 axb5 21. Bxb5 Bc6 22. Bxc6 Rxc6 23. Ke3 b5 24. Nb2 Rac8 25. b4 Rxc3+ 26. Rxc3 Rxc3+ 27. Kd2 Rb3 28. Nd3 Nb6 29. Ra1 Nc4+ 30. Kc2 Ra3 31. Rxa3 Nxa3+ 32. Kb3 Nc4 33. Ne1 Nb6 34. Kc3 f6 35. exf6+ gxf6 36. Kd4 Kd6 37. h3 e5+ 38. fxe5+ fxe5+ 39. Kc3 Nd7 40. g4 Nf6 41. Kd3 h6 42. Ng2 d4 43. Nh4 Kd5 44. Nf5 e4+ 45. Kd2 Ng8 46. Ke2 Kc4 47. Kd2 e3+ 48. Ke2 Kd5 49. Kd3 e2 50. Kxe2 Kc4 51. Kd2 Kxb4 52. Nxd4 Kc4 53. Nc2 b4 54. h4 1/2-1/2

[Event "FRA-ch U14"]
[Site "Hyeres"]
[Date "2002.??.??"]
[Round "9.6"]
[White "Hennemann, Xavier"]
[Black "Brethes, Francois"]
[Result "1/2-1/2"]
[WhiteElo "1940"]
[BlackElo "1990"]
[PlyCount "104"]
[EventDate "2002.04.05"]
[EventType "swiss"]
[EventRounds "9"]
[EventCountry "FRA"]
[SourceTitle "EXT 2003"]
[Source "ChessBase"]
[SourceDate "2002.11.25"]
[SourceVersion "1"]
[SourceVersionDate "2002.11.25"]
[SourceQuality "1"]

1. e4 e6 2. d4 d5 3. Nd2 Nf6 4. e5 Nfd7 5. c3 c5 6. f4 Nc6 7. Ndf3 Be7 8. Bd3 f6 9. Ne2 0-0 10. 0-0 Qb6 11. Kh1 a5 12. Bc2 Qd8 13. exf6 Nxf6 14. Be3 Ng4 15. Qd3 g6 16. dxc5 e5 17. Bb3 Nxe3 18. Qxe3 a4 19. Bc2 exf4 20. Nxf4 Bxc5 21. Qxc5 Rxf4 22. Rad1 Be6 23. Qe3 Qd6 24. Rfe1 Bf5 25. Bxf5 Rxf5 26. Nd4 Re5 27. Qd2 Rae8 28. Nxc6 bxc6 29. h3 Qe6 30. Rxe5 Qxe5 31. Qd4 Qxd4 32. Rxd4 Rb8 33. Rxa4 Rxb2 34. Ra6 Rc2 35. Rxc6 Rxa2 36. Rd6 Rc2 37. Rxd5 Rxc3 38. Rd7 Rc6 39. Kh2 Rf6 40. Kg3 Rf7 41. Rxf7 Kxf7 42. Kg4 Kf6 43. h4 h6 44. Kf4 g5+ 45. Kg4 gxh4 46. Kxh4 Kg6 47. Kg4 Kf6 48. Kh4 Kg6 49. Kg4 Kf6 50. Kh5 Kg7 51. g3 Kh7 52. g4 Kg7 1/2-1/2

[Event "FRA-ch U14"]
[Site "Hyeres"]
[Date "2002.??.??"]
[Round "4.5"]
[White "Hennemann, Xavier"]
[Black "Platel, Alexandre"]
[Result "1-0"]
[WhiteElo "1940"]
[BlackElo "2160"]
[PlyCount "29"]
[EventDate "2002.04.05"]
[EventType "swiss"]
[EventRounds "9"]
[EventCountry "FRA"]
[SourceTitle "EXT 2003"]
[Source "ChessBase"]
[SourceDate "2002.11.25"]
[SourceVersion "1"]
[SourceVersionDate "2002.11.25"]
[SourceQuality "1"]

1. e4 e5 2. Nf3 Nc6 3. d4 exd4 4. Nxd4 Bc5 5. Nxc6 bxc6 6. Nc3 d6 7. Na4 Bb6 8. Nxb6 axb6 9. Bd3 Ne7 10. 0-0 Ba6 11. b3 0-0 12. Bb2 Qd7 13. Bxa6 Rxa6 14. Qd4 f6 15. Qc4+ 1-0

[Event "FRA-ch U14"]
[Site "Hyeres"]
[Date "2002.??.??"]
[Round "5.4"]
[White "Soyez, Cyril"]
[Black "Hennemann, Xavier"]
[Result "1/2-1/2"]
[WhiteElo "2073"]
[BlackElo "1940"]
[PlyCount "41"]
[EventDate "2002.04.05"]
[EventType "swiss"]
[EventRounds "9"]
[EventCountry "FRA"]
[SourceTitle "EXT 2003"]
[Source "ChessBase"]
[SourceDate "2002.11.25"]
[SourceVersion "1"]
[SourceVersionDate "2002.11.25"]
[SourceQuality "1"]

1. c4 e5 2. g3 Nc6 3. Bg2 g6 4. Nc3 Bg7 5. e3 f5 6. Nge2 Nf6 7. 0-0 0-0 8. d3 d6 9. f4 Be6 10. b3 Qd7 11. d4 exd4 12. Nxd4 Nxd4 13. exd4 d5 14. Ba3 Rfe8 15. Qd3 Rad8 16. Rad1 c6 17. c5 Bf7 18. Rde1 Rxe1 19. Rxe1 Re8 20. Re2 Ne4 21. Bb2 1/2-1/2

[Event "FRA-chT 0001 U18"]
[Site "France"]
[Date "2001.??.??"]
[Round "10"]
[White "Benier, Adrien"]
[Black "Hennemann, Xavier"]
[Result "0-1"]
[WhiteElo "2000"]
[BlackElo "1900"]
[PlyCount "122"]
[EventDate "2000.??.??"]
[EventType "team"]
[EventRounds "11"]
[EventCountry "FRA"]
[SourceTitle "EXT 2003"]
[Source "ChessBase"]
[SourceDate "2002.11.25"]
[SourceVersion "1"]
[SourceVersionDate "2002.11.25"]
[SourceQuality "1"]

1. e4 e6 2. d3 d5 3. Nd2 c5 4. Ngf3 Nc6 5. g3 Nf6 6. Bg2 Bd6 7. 0-0 0-0 8. Re1 Bc7 9. a3 b5 10. Qe2 Bb7 11. h4 c4 12. Nf1 a5 13. Bg5 h6 14. Bxf6 Qxf6 15. e5 Qe7 16. N1h2 Ba6 17. Qd2 b4 18. Bf1 cxd3 19. Bxd3 Bxd3 20. cxd3 Rfc8 21. Qd1 Bb6 22. h5 Qc5 23. Rf1 Nd4 24. Nxd4 Qxd4 25. Qe2 Ra7 26. Rfc1 Rac7 27. Rxc7 Rxc7 28. axb4 Qxb4 29. Rb1 Qb3 30. Qd1 Qxd1+ 31. Rxd1 Rc2 32. Ng4 Rxb2 33. Kg2 a4 34. Ra1 Rb4 35. Kf3 Bc5 36. Ra2 Rd4 37. Rd2 a3 38. Ne3 Bb4 39. Rd1 Bc3 40. Nc2 Ra4 41. d4 a2 42. Ke2 a1Q 43. Nxa1 Rxa1 44. Rd3 Ra2+ 45. Kf1 Ba1 46. f4 Ra4 47. Ke2 Bxd4 48. Kf3 Rc4 49. Kg2 Bc3 50. Kf3 d4 51. g4 Rb4 52. f5 Rb2 53. Kf4 Rd2 54. Rf3 Re2 55. Rd3 Bd2+ 56. Kg3 Re3+ 57. Rxe3 dxe3 58. Kf3 Kf8 59. fxe6 fxe6 60. Ke2 Ke7 61. Kd3 Kd7 0-1